Normal view
MARC view
- Shingote S( 2k51050)
Entry Personal Name
001 - CONTROL NUMBER
- control field: 102029
003 - CONTROL NUMBER IDENTIFIER
- control field: OSt
005 - DATE AND TIME OF LATEST TRANSACTION
- control field: 20221007215911.0
008 - FIXED-LENGTH DATA ELEMENTS
- fixed length control field: 221007|| aca||aabn | a|a d
040 ## - CATALOGING SOURCE
- Original cataloging agency: OSt
- Transcribing agency: OSt
100 ## - HEADING--PERSONAL NAME
- Personal name: Shingote S( 2k51050)
670 ## - SOURCE DATA FOUND
- Source citation: Work cat.: (OSt)69186: Shingote S( 2k51050), Employee Perception of Recruitment & Selection Process, 2007